00318nam a22001337a 4500003000400000020001900004082001800023100002100041245002300062250000800085260006300093300001000156650001800166SGT a978-0723608233 a617.525bM96H a Howe, Geoffrey  aMinor Oral Surgery a3rd aDADAR (MUMBAI) b‎ Varghesh Publisher, John Wrightc1995 a1-430 aORAL SURGERY